<?xml version="1.0" encoding="UTF-8"?>
<collection xmlns:xsi="http://www.w3.org/2001/XMLSchema-instance" xsi:schemaLocation="http://www.loc.gov/MARC21/slim http://www.loc.gov/standards/marcxml/schema/MARC21slim.xsd" xmlns="http://www.loc.gov/MARC21/slim">
 <record>
  <leader>00000cam a22000004i 4500</leader>
  <controlfield tag="001">UP-99796217612279850</controlfield>
  <controlfield tag="003">Buklod</controlfield>
  <controlfield tag="005">20161030145341.0</controlfield>
  <controlfield tag="006">a     r    |||| u|</controlfield>
  <controlfield tag="007">ta</controlfield>
  <controlfield tag="008">161030s2015    xx     d     r    |||| u|</controlfield>
  <datafield tag="020" ind1=" " ind2=" ">
   <subfield code="a">9781446282540 (pbk)</subfield>
  </datafield>
  <datafield tag="035" ind1=" " ind2=" ">
   <subfield code="a">(iLib)UPD-00259710807</subfield>
  </datafield>
  <datafield tag="040" ind1=" " ind2=" ">
   <subfield code="a">UtOrBLW</subfield>
   <subfield code="d">DCAL</subfield>
   <subfield code="e">rda</subfield>
  </datafield>
  <datafield tag="041" ind1=" " ind2=" ">
   <subfield code="a">eng</subfield>
  </datafield>
  <datafield tag="042" ind1=" " ind2=" ">
   <subfield code="a">DMLUC</subfield>
  </datafield>
  <datafield tag="090" ind1=" " ind2=" ">
   <subfield code="a">P 301.5 A27</subfield>
   <subfield code="b">N94 2015</subfield>
  </datafield>
  <datafield tag="100" ind1="1" ind2=" ">
   <subfield code="a">Nygaard, Lynn P.</subfield>
   <subfield code="e">author.</subfield>
  </datafield>
  <datafield tag="245" ind1="1" ind2="0">
   <subfield code="a">Writing for scholars</subfield>
   <subfield code="b">a practical guide to making sense &amp; being heard</subfield>
   <subfield code="c">Lynn P. Nygaard.</subfield>
  </datafield>
  <datafield tag="246" ind1="3" ind2=" ">
   <subfield code="a">Writing for scholars</subfield>
   <subfield code="b">a practical guide to making sense and being heard</subfield>
  </datafield>
  <datafield tag="250" ind1=" " ind2=" ">
   <subfield code="a">2nd edition.</subfield>
  </datafield>
  <datafield tag="264" ind1=" " ind2="1">
   <subfield code="a">Los Angeles</subfield>
   <subfield code="b">SAGE</subfield>
   <subfield code="c">[2015]</subfield>
  </datafield>
  <datafield tag="300" ind1=" " ind2=" ">
   <subfield code="a">xii, 214 pages</subfield>
   <subfield code="b">illustrations</subfield>
   <subfield code="c">24 cm</subfield>
  </datafield>
  <datafield tag="336" ind1=" " ind2=" ">
   <subfield code="a">text</subfield>
   <subfield code="2">rdacontent</subfield>
  </datafield>
  <datafield tag="337" ind1=" " ind2=" ">
   <subfield code="a">unmediated</subfield>
   <subfield code="2">rdamedia</subfield>
  </datafield>
  <datafield tag="338" ind1=" " ind2=" ">
   <subfield code="a">volume</subfield>
   <subfield code="2">rdacarrier</subfield>
  </datafield>
  <datafield tag="500" ind1=" " ind2=" ">
   <subfield code="a">Includes index.</subfield>
  </datafield>
  <datafield tag="500" ind1=" " ind2=" ">
   <subfield code="a">&quot;1st edition: Universitetsforlaget/Scandinavian University Press, in cooperation with LIBER and Copenhagen Business School Press, 2008.&quot;--Title page verso.</subfield>
  </datafield>
  <datafield tag="505" ind1="0" ind2=" ">
   <subfield code="a">Introduction : Entering the conversation -- Getting started : developing good writing habits -- The 'I' in (social) science : objectivity, transparency and argument -- Who are you talking to? defining your audience -- What do you want to say? forming your core argument -- How are you going to say it? developing your structure -- Breaking up the grey mass : headings, figures and tables -- Holding up the mirror : giving and receiving feedback -- Saying it out loud : presenting your paper -- Delivering the goods : following authors guidelines and submitting your manuscript.</subfield>
  </datafield>
  <datafield tag="650" ind1=" " ind2="0">
   <subfield code="a">Academic writing.</subfield>
  </datafield>
  <datafield tag="650" ind1=" " ind2="0">
   <subfield code="a">English language</subfield>
   <subfield code="x">Rhetoric.</subfield>
  </datafield>
  <datafield tag="905" ind1=" " ind2=" ">
   <subfield code="a">FO</subfield>
  </datafield>
  <datafield tag="852" ind1="0" ind2=" ">
   <subfield code="a">UPD</subfield>
   <subfield code="b">DCAL</subfield>
   <subfield code="h">P 301.5.A27</subfield>
   <subfield code="i">N94 2015</subfield>
  </datafield>
  <datafield tag="942" ind1=" " ind2=" ">
   <subfield code="a">Book</subfield>
  </datafield>
 </record>
</collection>
